| Tag |
First Indicator |
Second Indicator |
Subfields |
| LEADER |
00000cam a2200000Ia 4500 |
| 001 |
in00002086721 |
| 005 |
20151102170123.0 |
| 008 |
051107s2005 be a b 100 0 eng d |
| 020 |
|
|
|a 9066056886 (pbk.)
|
| 035 |
|
|
|a (OCoLC)ocm62232180
|
| 040 |
|
|
|a OSU
|c OSU
|d OSU
|d OCLCQ
|d TXA
|d UtOrBLW
|
| 049 |
|
|
|a TXAM
|
| 090 |
|
|
|a SB401.F5
|b I57 2004
|
| 111 |
2 |
|
|a International Congress on Hazelnut
|n (6th :
|d 2004 :
|c Tarragona-Reus, Spain, June 14-18, 2004)
|
| 245 |
1 |
0 |
|a Proceedings of the VIth International Congress on Hazelnut :
|b Tarragona-Reus, Spain, June, 14-18, 2004 /
|c [editors, J. Tous, M. Rovira, A. Romero], convener J. Tous ; ISHS Section Nuts and Mediterranean Climate Fruits, Working Group on Hazelnut.
|
| 246 |
3 |
|
|a Proceedings of the Sixth International Congress on Hazelnut
|
| 246 |
3 |
0 |
|a Proceedings of the 6th International Congress on Hazelnut
|
| 246 |
1 |
8 |
|a Sixth International Congress on Hazelnut
|
| 264 |
|
1 |
|a Leuven :
|b ISHS, International Society for Horticultural Science,
|c 2005.
|
| 300 |
|
|
|a 676 pages :
|b illustrations (some color) ;
|c 24 cm.
|
| 336 |
|
|
|a text
|b txt
|2 rdacontent
|
| 337 |
|
|
|a unmediated
|b n
|2 rdamedia
|
| 338 |
|
|
|a volume
|b nc
|2 rdacarrier
|
| 490 |
1 |
|
|a Acta horticulturae,
|v 686
|
| 500 |
|
|
|a "July, 2005."
|
| 504 |
|
|
|a Includes bibliographical references.
|
| 650 |
|
0 |
|a Corylus
|v Congresses.
|
| 650 |
|
0 |
|a Hazelnut industry
|v Congresses.
|
| 650 |
|
0 |
|a Hazelnuts
|v Congresses.
|
| 700 |
1 |
|
|a Tous, J.
|
| 700 |
1 |
|
|a Rovira, M.
|
| 700 |
1 |
|
|a Romero, A.
|
| 710 |
2 |
|
|a International Society for Horticultural Science.
|b Section Nuts and Mediterranean Climate Fruits.
|
| 710 |
2 |
|
|a International Society for Horticultural Science.
|b Working Group on Hazelnut.
|
| 830 |
|
0 |
|a Acta horticulturae ;
|v 686.
|
| 994 |
|
|
|a C0
|b TXA
|
| 948 |
|
|
|a cataloged
|b h
|c 2005/12/14
|d c
|e bwalker
|f 7:40:07 am
|
| 999 |
|
|
|a MARS
|
| 999 |
f |
f |
|s 33b9be4a-d6fc-3a2c-b80e-4210d1c8258f
|i c1dc65d2-ead0-3b48-aae4-739d329a374f
|t 0
|
| 952 |
f |
f |
|p ric
|a Texas A&M University
|b Rellis Campus
|c Joint Library Facility
|d Remote Storage
|t 0
|e SB401.F5 I57 2004
|h Library of Congress classification
|i unmediated -- volume
|m A14829959566
|
| 998 |
f |
f |
|a SB401.F5 I57 2004
|t 0
|l Remote Storage
|